Statistics for All Dragon Type Moves

Click here to take the quiz!

General Stats

  • This quiz has been taken 89 times
  • The average score is 13 of 18

Answer Stats

CatagoryAnswer% Correct
PhysicalDragon Claw
95%
StatusDragon Dance
95%
SpecialDraco Meteor
93%
SpecialDragon Pulse
93%
SpecialDragon Rage
85%
PhysicalDragon Tail
85%
PhysicalOutrage
85%
SpecialDragon Breath
81%
PhysicalDragon Rush
79%
SpecialRoar Of Time
68%
SpecialTwister
65%
SpecialSpacial Rend
61%
SpecialClanging Scales
55%
PhysicalDual Chop
51%
PhysicalDragon Hammer
49%
Z-MoveDevastating Drake
44%
Z-MoveClangorous Soulblaze
41%
SpecialCore Enforcer
31%

Score Distribution

Percentile by Number Answered

Percent of People with Each Score

Your Score History

You have not taken this quiz